[Event "Canada Int. op U2100"]
[Site "Contrecoeur CAN"]
[Date "2022.10.09"]
[Round "4.19"]
[White "Cossette, Daniel"]
[Black "Trinh, Tri Bao"]
[Result "0-1"]
[WhiteElo "1831"]
[BlackElo "1999"]
[PlyCount "64"]
[EventDate "2022.10.07"]
[EventType "swiss"]
[EventRounds "5"]
[EventCountry "CAN"]

1. e4 c6 2. d4 d5 3. exd5 cxd5 4. c4 Nf6 5. Nc3 e6 6. c5 Be7 7. Bf4 O-O 8. Nf3
Nc6 9. Bb5 Ne4 10. O-O Bd7 11. Bxc6 Bxc6 12. Qc2 f6 13. b4 Nxc3 14. Qxc3 Qd7
15. Rfe1 Rfe8 16. Qb3 Ba4 17. Qb2 Bf8 18. Nd2 a5 19. a3 Ra6 20. Nb1 axb4 21.
axb4 Rea8 22. Nc3 Bb5 23. Rxa6 Rxa6 24. Ra1 Rxa1+ 25. Qxa1 Bc4 26. Qa5 e5 27.
dxe5 d4 28. Nd1 Qg4 29. Nb2 Qxf4 30. Qa1 Bd5 31. exf6 Qe4 32. Qf1 gxf6 0-1

[Event "Canada Int. op U2100"]
[Site "Contrecoeur CAN"]
[Date "2022.10.09"]
[Round "4.20"]
[White "Giroux, Robert"]
[Black "Bassel, Charaf"]
[Result "1/2-1/2"]
[WhiteElo "1884"]
[BlackElo "2038"]
[PlyCount "79"]
[EventDate "2022.10.07"]
[EventType "swiss"]
[EventRounds "5"]
[EventCountry "CAN"]

1. Nf3 Nf6 2. b3 g6 3. Bb2 Bg7 4. e3 O-O 5. d4 b6 6. c4 Bb7 7. Nbd2 d6 8. Be2
Nbd7 9. O-O e5 10. dxe5 Ng4 11. Qc2 Ngxe5 12. Nxe5 Nxe5 13. f4 Nd7 14. Bxg7
Kxg7 15. Bf3 Bxf3 16. Nxf3 Qf6 17. Ng5 Rae8 18. Rae1 h6 19. Ne4 Qe7 20. Qb2+
Kg8 21. Nc3 c6 22. e4 Nc5 23. Qd2 a5 24. Rf3 f5 25. Rfe3 fxe4 26. Nxe4 Nxe4 27.
Rxe4 Qxe4 28. Rxe4 Rxe4 29. Qxd6 Kg7 30. Qxc6 Rexf4 31. h3 R4f6 32. Qd7+ R8f7
33. Qd4 Rc7 34. a3 g5 35. b4 axb4 36. axb4 Kf7 37. Qd5+ Kg7 38. Qd4 Kf7 39.
Qd5+ Kg7 40. Qd4 1/2-1/2

[Event "Canada Int. op U2100"]
[Site "Contrecoeur CAN"]
[Date "2022.10.09"]
[Round "4.21"]
[White "Mercure, Gilbert"]
[Black "Wilkin, Alain"]
[Result "0-1"]
[WhiteElo "1704"]
[BlackElo "1889"]
[PlyCount "160"]
[EventDate "2022.10.07"]
[EventType "swiss"]
[EventRounds "5"]
[EventCountry "CAN"]

1. e4 c5 2. d4 e6 3. c3 b6 4. Bd3 Bb7 5. Be3 Nf6 6. f3 cxd4 7. cxd4 a6 8. Ne2
d6 9. Nd2 Nbd7 10. Rc1 Be7 11. O-O O-O 12. Qe1 Re8 13. g4 Nf8 14. Qg3 e5 15.
Bb1 N6d7 16. g5 Ne6 17. h4 Rc8 18. d5 Nef8 19. b4 Rxc1 20. Rxc1 Qb8 21. f4 Rc8
22. Rf1 Ng6 23. h5 Nxf4 24. Nxf4 exf4 25. Qxf4 Rf8 26. Bd4 Ne5 27. Nf3 f6 28.
g6 h6 29. Nh4 Bc8 30. Rc1 Bd7 31. Nf5 Bxf5 32. Qxf5 Qb7 33. a4 Kh8 34. Rf1 Qc7
35. Bxe5 dxe5 36. Qe6 Bxb4 37. Qc6 Bc5+ 38. Kg2 Qe7 39. Rf5 a5 40. Bd3 Rd8 41.
Bb5 Bd4 42. Rf3 Bc5 43. Kg3 Bd4 44. Kg4 Bc5 45. Kf5 Rd6 46. Qe8+ Qxe8 47. Bxe8
Kg8 48. Bf7+ Kf8 49. Rc3 Ke7 50. Kg4 Kd8 51. Kf3 Kc7 52. Be6 Rd8 53. Ke2 Kd6
54. Kd3 Rb8 55. Kc4 Rb7 56. Kb5 Rc7 57. Rc1 Bd4 58. Rf1 Ke7 59. Bf7 Bc5 60. Rf5
Rc8 61. Ka6 Rd8 62. Kb7 Rd7+ 63. Kc6 Rd6+ 64. Kb5 Rd8 65. Be6 Rd6 66. Rf1 Rd8
67. Rc1 Kd6 68. Ka6 Re8 69. Bf5 Re7 70. Rb1 b5 71. Bc8 bxa4 72. Kxa5 Ra7+ 73.
Ba6 a3 74. Ra1 f5 75. exf5 Kxd5 76. Kb5 e4 77. Bc8 Bd4 78. Be6+ Ke5 79. Ra2 Bb2
80. Kc4 Re7 0-1

[Event "Canada Int. op U2100"]
[Site "Contrecoeur CAN"]
[Date "2022.10.09"]
[Round "4.22"]
[White "Morin-Pare, Victor"]
[Black "Mok, Yuen Tak"]
[Result "0-1"]
[WhiteElo "1812"]
[BlackElo "1811"]
[PlyCount "100"]
[EventDate "2022.10.07"]
[EventType "swiss"]
[EventRounds "5"]
[EventCountry "CAN"]

1. d4 d5 2. Bf4 c5 3. e3 Nc6 4. Nc3 cxd4 5. exd4 Bf5 6. Bd3 Bxd3 7. Qxd3 e6 8.
Nf3 Nf6 9. O-O Bd6 10. Bg5 O-O 11. Rfe1 Rc8 12. Ne5 Be7 13. Rad1 h6 14. Bh4 Nd7
15. Nxc6 bxc6 16. Bg3 c5 17. dxc5 Nxc5 18. Qf3 Bf6 19. h3 Qb6 20. Rb1 Nd7 21.
Qd3 Qc6 22. Red1 Nb6 23. a3 Bxc3 24. bxc3 Qxc3 25. Qa6 Nc4 26. Qxa7 Qxc2 27.
Rdc1 Qd2 28. a4 Ra8 29. Qd7 Qa5 30. Ra1 Ra7 31. Qc6 Ra6 32. Qb5 Rfa8 33. Qb3
Qb6 34. Qxb6 Rxb6 35. Ra2 Rba6 36. Rca1 Nb6 37. a5 Nc4 38. Bc7 R6a7 39. Bf4
Rxa5 40. Rxa5 Rxa5 41. Rb1 Ra7 42. Rb8+ Kh7 43. Rd8 Kg6 44. g4 Kf6 45. Kg2 Ke7
46. Rc8 e5 47. Bg3 Rd7 48. h4 f6 49. h5 Nd6 50. Ra8 Ne4 0-1

[Event "Canada Int. op U2100"]
[Site "Contrecoeur CAN"]
[Date "2022.10.09"]
[Round "4.23"]
[White "Mangahas, Ronald"]
[Black "Trottier, Alain"]
[Result "1-0"]
[WhiteElo "1807"]
[BlackElo "1837"]
[PlyCount "51"]
[EventDate "2022.10.07"]
[EventType "swiss"]
[EventRounds "5"]
[EventCountry "CAN"]

1. e4 c6 2. Nc3 d5 3. Nf3 Bg4 4. h3 Bxf3 5. Qxf3 e6 6. d3 Nf6 7. g3 Bb4 8. Bd2
Ba5 9. Bg2 d4 10. Nb1 Qb6 11. O-O O-O 12. Bc1 e5 13. a3 Qa6 14. Qe2 Re8 15. f4
Bc7 16. f5 c5 17. Nd2 b5 18. b3 Nc6 19. g4 Nd7 20. g5 c4 21. Qh5 g6 22. Qh4
cxd3 23. cxd3 Rac8 24. Nf3 Nb6 25. Nh2 Red8 26. Ng4 1-0

[Event "Canada Int. op U2100"]
[Site "Contrecoeur CAN"]
[Date "2022.10.09"]
[Round "4.24"]
[White "Turcotte, Jonathan"]
[Black "Yang, Jing Yao"]
[Result "0-1"]
[WhiteElo "1926"]
[BlackElo "1472"]
[PlyCount "70"]
[EventDate "2022.10.07"]
[EventType "swiss"]
[EventRounds "5"]
[EventCountry "CAN"]

1. d4 Nf6 2. c4 g6 3. Nc3 d5 4. Bf4 Bg7 5. e3 O-O 6. Rc1 dxc4 7. Bxc4 Nbd7 8.
Nf3 c5 9. dxc5 Nxc5 10. Qxd8 Rxd8 11. Ke2 Be6 12. Bxe6 Nxe6 13. Be5 Nd5 14.
Rhd1 Nxc3+ 15. Rxc3 Rxd1 16. Kxd1 Rd8+ 17. Kc2 Bxe5 18. Nxe5 Kg7 19. f4 h5 20.
h3 Kf6 21. g4 hxg4 22. hxg4 g5 23. Nd3 gxf4 24. exf4 Rd4 25. f5 Nf4 26. Nf2 Nd5
27. Rc8 Rf4 28. Nd3 Rxg4 29. Rb8 Nb4+ 30. Kc3 Nxd3 31. Kxd3 Rb4 32. Kc3 Rb6 33.
Rf8 Rb5 34. a4 Rxf5 35. Rb8 Ra5 0-1

[Event "Canada Int. op U2100"]
[Site "Contrecoeur CAN"]
[Date "2022.10.09"]
[Round "4.26"]
[White "Dumoulin, Sylvain"]
[Black "Yan, Alex Jikai"]
[Result "0-1"]
[WhiteElo "1588"]
[BlackElo "1619"]
[PlyCount "98"]
[EventDate "2022.10.07"]
[EventType "swiss"]
[EventRounds "5"]
[EventCountry "CAN"]

1. Nc3 c5 2. e4 Nc6 3. g3 g6 4. Bg2 Bg7 5. d3 e6 6. Be3 Qa5 7. Qd2 Nge7 8. Bh6
Bxh6 9. Qxh6 d5 10. Qd2 d4 11. Nce2 Qxd2+ 12. Kxd2 e5 13. f4 f6 14. Nf3 O-O 15.
h4 h5 16. Bh3 f5 17. Nxe5 Nxe5 18. fxe5 Nc6 19. exf5 Nxe5 20. Raf1 Bd7 21. Bg2
Ng4 22. Bxb7 Rab8 23. Bd5+ Kg7 24. fxg6 Nf2 25. Rhg1 Nh3 26. Rxf8 Rxf8 27. Rg2
Rf1 28. c3 Bg4 29. cxd4 Rb1 30. Kc3 Re1 31. Nf4 Rc1+ 32. Rc2 cxd4+ 33. Kb3 Bd1
34. Ne6+ Kxg6 35. Nxd4 Ng1 36. Kc3 Bxc2 37. Nxc2 Rd1 38. Be4+ Kf6 39. b4 Ne2+
40. Kb3 Nxg3 41. Bh7 Kg7 42. Be4 Nxe4 43. dxe4 Kf6 44. b5 Rh1 45. Nd4 Rxh4 46.
e5+ Kf7 47. e6+ Kf6 48. Nc6 Re4 49. Nxa7 Rxe6 0-1

[Event "Canada Int. op U2100"]
[Site "Contrecoeur CAN"]
[Date "2022.10.09"]
[Round "4.27"]
[White "Hu, Raymond"]
[Black "Jacquet, Stephane"]
[Result "0-1"]
[WhiteElo "1298"]
[BlackElo "1887"]
[PlyCount "52"]
[EventDate "2022.10.07"]
[EventType "swiss"]
[EventRounds "5"]
[EventCountry "CAN"]

1. e4 d6 2. d4 g6 3. c4 Bg7 4. Nc3 Nf6 5. g3 O-O 6. Bg2 Nc6 7. h3 e5 8. d5 Nd4
9. Be3 c5 10. dxc6 bxc6 11. Nge2 c5 12. O-O Be6 13. Nd5 Nxd5 14. cxd5 Bd7 15.
Nc3 Rb8 16. Qd2 Bxh3 17. Bh6 Bxg2 18. Kxg2 Bxh6 19. Qxh6 f5 20. Rh1 Rb7 21. Rh2
Qf6 22. Qh4 f4 23. Qxf6 Rxf6 24. Rah1 fxg3 25. Kxg3 h5 26. b3 Rf3+ 0-1

[Event "Canada Int. op U2100"]
[Site "Contrecoeur CAN"]
[Date "2022.10.09"]
[Round "4.28"]
[White "Barko, Maxim"]
[Black "Gasser, Hossam"]
[Result "1-0"]
[WhiteElo "1805"]
[BlackElo "1343"]
[PlyCount "49"]
[EventDate "2022.10.07"]
[EventType "swiss"]
[EventRounds "5"]
[EventCountry "CAN"]

1. e4 e5 2. Nc3 Nf6 3. Bc4 Nxe4 4. Qh5 Ng5 5. d4 Ne6 6. dxe5 g6 7. Qe2 Nc6 8.
Nf3 Ncd4 9. Qe4 Bc5 10. Nd5 Nxf3+ 11. Qxf3 Be7 12. Bh6 Nd4 13. Qe4 Ne6 14.
O-O-O Bg5+ 15. Bxg5 Qxg5+ 16. Kb1 Qf5 17. Qe3 Kf8 18. h4 h5 19. f3 d6 20. exd6
cxd6 21. Rhe1 Kg7 22. Qc3+ Kh7 23. g4 hxg4 24. fxg4 Qf2 25. Nf6+ 1-0

[Event "Canada Int. op U2100"]
[Site "Contrecoeur CAN"]
[Date "2022.10.09"]
[Round "4.29"]
[White "Sonko, Babacar"]
[Black "Berube, Maximilien"]
[Result "0-1"]
[WhiteElo "1550"]
[BlackElo "1574"]
[PlyCount "76"]
[EventDate "2022.10.07"]
[EventType "swiss"]
[EventRounds "5"]
[EventCountry "CAN"]

1. e4 c6 2. Nf3 d5 3. exd5 cxd5 4. Ne5 Nc6 5. d4 Qb6 6. Nc3 Nf6 7. Bb5 a6 8.
Ba4 e6 9. O-O Be7 10. Re1 O-O 11. Rb1 Nd7 12. a3 Ndxe5 13. dxe5 Bc5 14. Qd2 Qc7
15. Bxc6 bxc6 16. Qe2 f6 17. Nd1 fxe5 18. Qxe5 Bd6 19. Qh5 e5 20. g3 Bf5 21.
Ne3 Bg6 22. Qe2 Be4 23. b4 Rf7 24. Bb2 Qd7 25. Rbc1 Bf3 26. Qd3 Bc7 27. Qf1 a5
28. c3 Raf8 29. Rc2 Be4 30. Rd2 Bb6 31. bxa5 Bxa5 32. Nd1 Qg4 33. Ne3 Qf3 34.
Ng2 Bb6 35. Rxe4 dxe4 36. Nh4 Bxf2+ 37. Rxf2 Qxf2+ 38. Qxf2 Rxf2 0-1

[Event "Canada Int. op U2100"]
[Site "Contrecoeur CAN"]
[Date "2022.10.09"]
[Round "5.18"]
[White "Boisvert, Michel"]
[Black "Mangahas, Ronald"]
[Result "0-1"]
[WhiteElo "2091"]
[BlackElo "1807"]
[PlyCount "64"]
[EventDate "2022.10.07"]
[EventType "swiss"]
[EventRounds "5"]
[EventCountry "CAN"]

1. d4 Nf6 2. Nc3 g6 3. e4 d6 4. Nf3 Bg7 5. Be3 c6 6. a4 O-O 7. Be2 Qa5 8. O-O
Nbd7 9. Qd2 Re8 10. Bc4 Ng4 11. Bf4 c5 12. Ng5 Rf8 13. Nd5 Qd8 14. dxc5 Nxc5
15. Nxe7+ Qxe7 16. Bxd6 Nxe4 17. Nxe4 Qxe4 18. Bd5 Qf5 19. Bxf8 Bxf8 20. h3 Nf6
21. Bf3 Be6 22. b3 Rc8 23. c4 b6 24. Rad1 a5 25. Qb2 Bc5 26. Rfe1 Nh5 27. Re5
Qf6 28. Bxh5 gxh5 29. Qe2 Bxf2+ 30. Kh1 Bg4 31. Re8+ Kg7 32. Qe4 Rxe8 0-1

[Event "Canada Int. op U2100"]
[Site "Contrecoeur CAN"]
[Date "2022.10.09"]
[Round "5.19"]
[White "Mok, Yuen Tak"]
[Black "Rauch, Frank"]
[Result "1-0"]
[WhiteElo "1811"]
[BlackElo "1904"]
[PlyCount "115"]
[EventDate "2022.10.07"]
[EventType "swiss"]
[EventRounds "5"]
[EventCountry "CAN"]

1. Nf3 Nf6 2. c4 g6 3. b4 Bg7 4. Bb2 O-O 5. g3 d6 6. Bg2 e5 7. O-O Nc6 8. b5
Ne7 9. d3 h6 10. Nbd2 Be6 11. Qc2 Qd7 12. Rfd1 Nh5 13. d4 f6 14. Nb3 e4 15. Ne1
f5 16. d5 Bf7 17. Bxg7 Kxg7 18. Qc3+ Kh7 19. f3 exf3 20. exf3 f4 21. g4 Ng7 22.
Nd3 g5 23. h4 Rae8 24. h5 Nc8 25. Nf2 Re3 26. Qc2+ Kh8 27. Ne4 Bg8 28. Re1 c6
29. Rxe3 fxe3 30. dxc6 bxc6 31. Qc3 cxb5 32. cxb5 Qxb5 33. Qxe3 d5 34. Nc3 Qc4
35. Rd1 Nb6 36. Rd4 Qc6 37. Rd1 Re8 38. Qd4 Qe6 39. Kh1 Qe3 40. Qd3 Qf2 41. Qd2
Qe3 42. Qd4 Qxd4 43. Nxd4 Re3 44. Ncb5 a6 45. Nd6 Nc4 46. N6f5 Nxf5 47. Nxf5
Ra3 48. Re1 Rxa2 49. Re8 Ra1+ 50. Kh2 Kh7 51. Re7+ Kh8 52. Nxh6 d4 53. Re8 d3
54. Rxg8+ Kh7 55. Rg6 d2 56. Ng8 d1=Q 57. Nf6+ Kh8 58. Rg8# 1-0

[Event "Canada Int. op U2100"]
[Site "Contrecoeur CAN"]
[Date "2022.10.09"]
[Round "5.21"]
[White "Yang, Jing Yao"]
[Black "Giroux, Robert"]
[Result "1-0"]
[WhiteElo "1472"]
[BlackElo "1884"]
[PlyCount "33"]
[EventDate "2022.10.07"]
[EventType "swiss"]
[EventRounds "5"]
[EventCountry "CAN"]

1. d4 d5 2. Bf4 Nf6 3. Nf3 e6 4. e3 Bd6 5. Bg3 O-O 6. c3 c5 7. Nbd2 Qc7 8. Ne5
Nc6 9. f4 Ne4 10. Nxe4 dxe4 11. Nc4 f5 12. d5 Nb8 13. dxe6 Be7 14. Qd5 Qc6 15.
O-O-O Bxe6 16. Qd2 Rd8 17. Qxd8+ 1-0

[Event "Canada Int. op U2100"]
[Site "Contrecoeur CAN"]
[Date "2022.10.09"]
[Round "5.22"]
[White "Yan, Alex Jikai"]
[Black "Page, Denis"]
[Result "1-0"]
[WhiteElo "1619"]
[BlackElo "1676"]
[PlyCount "63"]
[EventDate "2022.10.07"]
[EventType "swiss"]
[EventRounds "5"]
[EventCountry "CAN"]

1. e4 c5 2. Nf3 Nc6 3. Bb5 e6 4. O-O Nge7 5. c3 a6 6. Bxc6 Nxc6 7. d4 cxd4 8.
cxd4 d5 9. exd5 Qxd5 10. Nc3 Qh5 11. d5 Ne5 12. Nxe5 Qxe5 13. Re1 Qf5 14. dxe6
Bxe6 15. Nd5 Rd8 16. Qa4+ b5 17. Nc7+ Ke7 18. Qa3+ Kf6 19. Qc3+ Kg6 20. Qg3+
Kh5 21. Bf4 Rd3 22. f3 Bc5+ 23. Kh1 Bf2 24. Qxf2 Qxf4 25. Nxe6 fxe6 26. Rxe6 g6
27. Re4 Qf6 28. f4 Qd8 29. Rae1 Rf8 30. Re7 Rh8 31. R1e5+ g5 32. Rxg5+ 1-0

[Event "Canada Int. op U2100"]
[Site "Contrecoeur CAN"]
[Date "2022.10.09"]
[Round "5.23"]
[White "Bassel, Charaf"]
[Black "Morin-Pare, Victor"]
[Result "0-1"]
[WhiteElo "2038"]
[BlackElo "1812"]
[PlyCount "66"]
[EventDate "2022.10.07"]
[EventType "swiss"]
[EventRounds "5"]
[EventCountry "CAN"]

1. e4 c6 2. Nc3 d5 3. Nf3 dxe4 4. Nxe4 Nf6 5. Nxf6+ exf6 6. d4 Bd6 7. Be2 O-O
8. O-O Re8 9. Re1 Bg4 10. Nd2 Bf5 11. Nf1 Nd7 12. c4 Qc7 13. c5 Bf4 14. g3 Bxc1
15. Qxc1 Rad8 16. Ne3 Be6 17. Nc4 Bxc4 18. Qxc4 Re4 19. Bf3 Ne5 20. Qc3 Rexd4
21. Be2 h6 22. f4 Ng6 23. Rad1 Qd7 24. Bg4 Qd5 25. Rxd4 Qxd4+ 26. Qxd4 Rxd4 27.
Re8+ Kh7 28. Rb8 Rb4 29. b3 Ne7 30. Be2 a5 31. Bc4 b5 32. a3 bxc4 33. axb4 c3
0-1

[Event "Canada Int. op U2100"]
[Site "Contrecoeur CAN"]
[Date "2022.10.09"]
[Round "5.24"]
[White "Berube, Maximilien"]
[Black "Barko, Maxim"]
[Result "0-1"]
[WhiteElo "1574"]
[BlackElo "1805"]
[PlyCount "122"]
[EventDate "2022.10.07"]
[EventType "swiss"]
[EventRounds "5"]
[EventCountry "CAN"]

1. c4 e6 2. g3 f5 3. Bg2 Nf6 4. Nf3 Be7 5. O-O O-O 6. b3 d6 7. d4 a5 8. Bb2 c6
9. Nbd2 Bd7 10. Qc2 d5 11. Ne5 Be8 12. Qc1 a4 13. Ba3 Bxa3 14. Qxa3 dxc4 15.
Ndxc4 Bh5 16. e3 Nd5 17. Qb2 Qe7 18. Nd3 a3 19. Qd2 Na6 20. Rab1 Nab4 21. Nxb4
Nxb4 22. Nb6 Ra6 23. Na4 Rd8 24. Rfc1 Raa8 25. Nc5 Nd5 26. Nd3 Nf6 27. Qc2 Ne4
28. Nf4 Bf7 29. Bxe4 fxe4 30. b4 e5 31. Ne2 Bh5 32. dxe5 Bxe2 33. Qxe2 Qxe5 34.
b5 c5 35. Qc4+ Qd5 36. Qxc5 Qxc5 37. Rxc5 Rd2 38. Ra1 Rf8 39. Rf1 Rxa2 40. Rc7
b6 41. Rb7 Rb2 42. Rxb6 Ra8 43. Ra6 Rxa6 44. bxa6 Rb6 45. Ra1 Rxa6 46. Kf1 Kf7
47. Ke2 Ke6 48. Kd2 a2 49. Kc3 Kd5 50. Rd1+ Kc5 51. Ra1 g5 52. h3 Ra3+ 53. Kb2
Kb4 54. Kc2 h5 55. h4 g4 56. Kb2 Rb3+ 57. Kc2 Rc3+ 58. Kb2 Rd3 59. Kxa2 Ra3+
60. Kb2 Rxa1 61. Kc2 Ra2+ 0-1

[Event "Canada Int. op U2100"]
[Site "Contrecoeur CAN"]
[Date "2022.10.09"]
[Round "5.25"]
[White "Jacquet, Stephane"]
[Black "Turcotte, Jonathan"]
[Result "0-1"]
[WhiteElo "1887"]
[BlackElo "1926"]
[PlyCount "50"]
[EventDate "2022.10.07"]
[EventType "swiss"]
[EventRounds "5"]
[EventCountry "CAN"]

1. d4 d5 2. c4 c6 3. Nc3 Nf6 4. Nf3 e6 5. Bg5 h6 6. Bh4 dxc4 7. e4 g5 8. Bg3 b5
9. h4 g4 10. Ne5 Nbd7 11. Be2 Bb7 12. O-O Bg7 13. Nxd7 Nxd7 14. Bxg4 O-O 15.
Re1 Qb6 16. e5 Rad8 17. Qd2 b4 18. Ne4 c5 19. Nf6+ Nxf6 20. exf6 Rxd4 21. Qe2
Bxf6 22. f3 c3 23. bxc3 bxc3 24. Qe3 Rxg4 25. Qxh6 Bg7 0-1

[Event "Canada Int. op U2100"]
[Site "Contrecoeur CAN"]
[Date "2022.10.09"]
[Round "5.26"]
[White "Trottier, Alain"]
[Black "Hu, Raymond"]
[Result "0-1"]
[WhiteElo "1837"]
[BlackElo "1298"]
[PlyCount "104"]
[EventDate "2022.10.07"]
[EventType "swiss"]
[EventRounds "5"]
[EventCountry "CAN"]

1. b4 e5 2. Bb2 Bxb4 3. Bxe5 Nf6 4. c4 b6 5. e3 Bb7 6. Nf3 O-O 7. Be2 d5 8.
cxd5 Nxd5 9. O-O Nd7 10. Bb2 Be7 11. Nc3 Nxc3 12. Bxc3 Bf6 13. Qc2 c5 14. a4 a6
15. Rfb1 Rc8 16. d3 Qc7 17. Nd2 Be5 18. Bxe5 Qxe5 19. Bf1 Rc6 20. Qb2 Qh5 21.
e4 Rg6 22. Nc4 Re8 23. Qe2 Qg5 24. Qe3 Qxe3 25. Nxe3 Ne5 26. Be2 Rd8 27. Nf5
Re6 28. Rd1 g6 29. Nh6+ Kg7 30. Ng4 Nxg4 31. Bxg4 Red6 32. Be2 Rd4 33. f3 a5
34. Kf2 Rb4 35. Ra2 Rdd4 36. Ke3 Rxa4 37. Rda1 Rxa2 38. Rxa2 Rb4 39. f4 Kf6 40.
g4 h6 41. h4 a4 42. Bf3 Bc8 43. Kd2 b5 44. Kc2 Be6 45. Ra1 Rd4 46. Be2 Bb3+ 47.
Kb2 Ke7 48. Rh1 b4 49. Kc1 c4 50. Kd2 cxd3 51. Ke3 dxe2 52. Kxd4 Bd1 0-1

[Event "Chambly op"]
[Site "Chambly CAN"]
[Date "2022.04.01"]
[Round "1.1"]
[White "Chiku-Ratte, Olivier-Kenta"]
[Black "Chaurette, Laurent"]
[Result "1-0"]
[WhiteElo "2475"]
[BlackElo "1915"]
[PlyCount "87"]
[EventDate "2022.04.01"]
[EventType "swiss"]
[EventRounds "5"]
[EventCountry "CAN"]

1. d4 d5 2. c4 c6 3. Nf3 Nf6 4. e3 Bf5 5. Nc3 e6 6. Nh4 Bg6 7. Nxg6 hxg6 8. Bd3
Nbd7 9. Bd2 Bd6 10. Qf3 Qe7 11. O-O-O dxc4 12. Bxc4 e5 13. g4 e4 14. Qg2 Bb4
15. Ne2 Bxd2+ 16. Rxd2 O-O-O 17. Ng3 Rhe8 18. g5 Nd5 19. h4 Kb8 20. Bb3 N7b6
21. Kb1 f5 22. gxf6 gxf6 23. h5 g5 24. Qh2 Ka8 25. Qh3 Nc8 26. Rc1 Qh7 27. Bd1
Nd6 28. Bg4 Ne7 29. Rc5 b6 30. Rc1 f5 31. Bd1 Kb7 32. a3 Nd5 33. Bb3 Nf6 34.
Rdc2 Rc8 35. Rh1 Rc7 36. h6 Ng4 37. Qh5 Rh8 38. Qxg5 Nxh6 39. Qf6 Ndf7 40. Bxf7
Rxf7 41. Qxc6+ Kb8 42. Qd6+ Kb7 43. Qd5+ Kb8 44. Rxh6 1-0

[Event "Chambly op"]
[Site "Chambly CAN"]
[Date "2022.04.01"]
[Round "1.2"]
[White "Di Matteo, Alessio"]
[Black "Rodrigue-Lemieux, Shawn"]
[Result "0-1"]
[WhiteElo "1861"]
[BlackElo "2418"]
[PlyCount "80"]
[EventDate "2022.04.01"]
[EventType "swiss"]
[EventRounds "5"]
[EventCountry "CAN"]

1. d4 Nf6 2. c4 e6 3. Nc3 Bb4 4. e3 O-O 5. Nge2 c6 6. g3 d5 7. cxd5 exd5 8. Bg2
Re8 9. O-O Bf5 10. a3 Bd6 11. b4 a6 12. Nf4 Nbd7 13. Na4 Qe7 14. Nc5 Nb6 15.
Re1 Nc4 16. Re2 b6 17. Nb3 h5 18. Qe1 h4 19. Nd2 Nxd2 20. Rxd2 Ne4 21. Rda2 g5
22. Ne2 g4 23. Nf4 Ng5 24. Qd1 Kh8 25. Bd2 Rg8 26. Rc1 Rac8 27. Rb2 Be4 28.
Qxg4 Nf3+ 29. Bxf3 Rxg4 30. Bxg4 Rg8 31. f3 f5 32. Rxc6 fxg4 33. fxe4 Bxf4 34.
gxf4 g3 35. Rh6+ Kg7 36. Rxb6 Qxe4 37. Rxa6 Kh7 38. h3 Qf3 39. Ra7+ Kh6 40. Bc1
g2 0-1

[Event "Chambly op"]
[Site "Chambly CAN"]
[Date "2022.04.01"]
[Round "1.3"]
[White "Hebert, Jean"]
[Black "Cote, Etienne"]
[Result "1-0"]
[WhiteElo "2402"]
[BlackElo "1833"]
[PlyCount "99"]
[EventDate "2022.04.01"]
[EventType "swiss"]
[EventRounds "5"]
[EventCountry "CAN"]

1. Nf3 Nf6 2. c4 g6 3. Nc3 Bg7 4. d4 O-O 5. e4 d6 6. h3 Nbd7 7. e5 dxe5 8. dxe5
Ne8 9. Bf4 c6 10. Be2 Nc7 11. Qd2 Ne6 12. Bg3 h6 13. Rd1 Qa5 14. Qe3 Kh7 15. h4
h5 16. O-O Bh6 17. Qe4 Ndc5 18. Qb1 Ng7 19. Ng5+ Bxg5 20. hxg5 Bf5 21. Qc1 Rad8
22. Rxd8 Rxd8 23. Rd1 Bd3 24. Bxd3 Rxd3 25. Rxd3 Nxd3 26. Qc2 Qd8 27. Ne2 Nf5
28. Qd2 Qd7 29. e6 fxe6 30. Bb8 b5 31. cxb5 c5 32. Nf4 c4 33. b3 Qxb5 34. Nxd3
Qxb8 35. bxc4 Qb1+ 36. Kh2 Qb8+ 37. Qf4 Qd6 38. Ne5 Kg7 39. g3 a5 40. Nf3 Qa3
41. Qe5+ Kf7 42. Qe2 Qd6 43. Ne5+ Kg7 44. Kg2 Qd4 45. Nf3 Qd6 46. Qe5+ Kf7 47.
Qxa5 Qc6 48. Qc3 e5 49. Qxe5 Qxc4 50. Qxf5+ 1-0

[Event "Chambly op"]
[Site "Chambly CAN"]
[Date "2022.04.01"]
[Round "1.4"]
[White "Forest, Jimmy"]
[Black "Tanaka, Tyler"]
[Result "1-0"]
[WhiteElo "1819"]
[BlackElo "2255"]
[PlyCount "91"]
[EventDate "2022.04.01"]
[EventType "swiss"]
[EventRounds "5"]
[EventCountry "CAN"]

1. d4 Nf6 2. c4 e6 3. Nc3 Bb4 4. a3 Bxc3+ 5. bxc3 O-O 6. e3 d6 7. Bd3 e5 8. Ne2
Qe7 9. O-O Nc6 10. d5 Na5 11. e4 Nd7 12. Ng3 Nc5 13. Bc2 Nxc4 14. Qe2 Na5 15.
Rb1 b6 16. Nf5 Bxf5 17. exf5 f6 18. Rb4 Rf7 19. Rh4 Nd7 20. Qh5 Nf8 21. g4 h6
22. Kh1 Nh7 23. Rh3 Raf8 24. Qg6 Kh8 25. g5 fxg5 26. Qxh7+ Kxh7 27. f6+ Kg8 28.
fxe7 Re8 29. Rg3 Rfxe7 30. h4 gxh4 31. Rg6 Rf8 32. Bxh6 Rf3 33. Be4 Rh3+ 34.
Kg2 Rxc3 35. Rg1 Kf8 36. Kh2 gxh6 37. Rg8+ Kf7 38. R1g7+ Kf6 39. Rg6+ Kf7 40.
Bf5 Rf3 41. Be6+ Rxe6 42. dxe6+ Ke7 43. R8g7+ Ke8 44. Rxc7 Rxf2+ 45. Kg1 Rf8
46. Rgg7 1-0

[Event "Chambly op"]
[Site "Chambly CAN"]
[Date "2022.04.01"]
[Round "1.5"]
[White "Saha, Ananda"]
[Black "Belanger, Mathieu-Olivier"]
[Result "1/2-1/2"]
[WhiteElo "2218"]
[BlackElo "1798"]
[PlyCount "145"]
[EventDate "2022.04.01"]
[EventType "swiss"]
[EventRounds "5"]
[EventCountry "CAN"]

1. Nf3 Nf6 2. g3 d5 3. Bg2 e6 4. c4 c6 5. b3 Be7 6. Bb2 O-O 7. O-O b6 8. d3 Bb7
9. Nbd2 c5 10. Ne5 Nfd7 11. f4 f6 12. Nxd7 Qxd7 13. cxd5 exd5 14. d4 Na6 15.
Nf3 Rfe8 16. h4 Bf8 17. Kh2 Qb5 18. Re1 c4 19. Bc3 Rac8 20. Rb1 Rc7 21. b4 Re3
22. a4 Qe8 23. Qd2 Rce7 24. Ne5 Rxc3 25. Qxc3 fxe5 26. fxe5 Qg6 27. b5 Nc7 28.
Rf1 Bc8 29. e4 Be6 30. Rbe1 Qg4 31. Rf4 Qh5 32. Ref1 Rf7 33. Rxf7 Bxf7 34. Bf3
Qh6 35. Bg4 Qg6 36. Bf5 Qh5 37. Qe3 g6 38. Bd7 dxe4 39. Qf4 g5 40. Qxe4 Bd5 41.
Qf5 Be7 42. e6 Qe2+ 43. Rf2 Qe4 44. Qxe4 Bxe4 45. Bc6 Bxc6 46. bxc6 Nxe6 47.
Rc2 gxh4 48. d5 hxg3+ 49. Kxg3 Nc7 50. Kf4 Bd6+ 51. Kf5 Kf7 52. Rxc4 Nxd5 53.
Rd4 Ne7+ 54. Kg5 h6+ 55. Kh5 Ke6 56. Re4+ Kf7 57. Rc4 Ke8 58. Kxh6 Kd8 59. Kg5
Kc7 60. Kf6 Bc5 61. a5 Kxc6 62. axb6 axb6 63. Ke5 Kb5 64. Rc1 Nc6+ 65. Ke4 Nb4
66. Rh1 Ka4 67. Rh7 b5 68. Rb7 Na2 69. Ke5 Ba3 70. Kd4 b4 71. Kc4 Ka5 72. Ra7+
Kb6 73. Rxa3 1/2-1/2

[Event "Chambly op"]
[Site "Chambly CAN"]
[Date "2022.04.01"]
[Round "1.6"]
[White "Varro, Daniel"]
[Black "Chabot, Roland"]
[Result "1/2-1/2"]
[WhiteElo "1772"]
[BlackElo "2204"]
[PlyCount "60"]
[EventDate "2022.04.01"]
[EventType "swiss"]
[EventRounds "5"]
[EventCountry "CAN"]

1. c4 g6 2. Nc3 Bg7 3. g3 Nf6 4. Bg2 d6 5. e4 O-O 6. Nge2 c5 7. O-O Nc6 8. d3
a6 9. h3 Rb8 10. a4 Nd7 11. Be3 Nd4 12. f4 b6 13. Rb1 Bb7 14. b4 f5 15. bxc5
dxc5 16. Bf2 Bc6 17. Nxd4 cxd4 18. Ne2 Nc5 19. Rb4 fxe4 20. dxe4 d3 21. Nc1 Bd4
22. Kh2 Bxf2 23. Rxf2 Qd4 24. Rd2 Bxe4 25. Nb3 Nxb3 26. Qxb3 Bxg2 27. Kxg2 Qe4+
28. Kh2 Qe3 29. Rxd3 Qf2+ 30. Kh1 Qf1+ 1/2-1/2